000
00292nam a22001337a 4500
008
170605b xxu||||| |||| 00| 0 eng d
020
_a
1555530478
041
_a
eng
080
_a
94(7/8)
100
_a
18
101
_a
SHH
245
_a
AMERICAN UNITARIANISM
_c
WRIGHT,C.E
942
_2
udc
_c
BK
999
_c
15896
_d
15896